Normal view
MARC view
Entry Personal Name
001 - CONTROL NUMBER
- control field: 60121
003 - CONTROL NUMBER IDENTIFIER
- control field: OSt
005 - DATE AND TIME OF LATEST TRANSACTION
- control field: 20260421122057.0
008 - FIXED-LENGTH DATA ELEMENTS
- fixed length control field: 260421|| aca||aabn | a|a d
040 ## - CATALOGING SOURCE
- Original cataloging agency: OSt
- Transcribing agency: OSt
100 ## - HEADING--PERSONAL NAME
- Personal name: Michal Mužík, and Šerek, Jan
670 ## - SOURCE DATA FOUND
- Source citation: Work cat.: (OSt): Michal Mužík, and Šerek, Jan , Authoritarian youth: Bidirectional effects between authoritarianism, national identification, and political participation among czech youth
